[Event "Let's Play Chess!"]
[Site "http://www.queenalice.com/game.php?id=445266"]
[Date "2008.8.8"]
[Round "-"]
[White "fkr"]
[Black "CampbellMarcel"]
[Result "1-0"]
[WhiteElo "1661"]
[BlackElo "1821"]

1. e4 d5 2. d3 dxe4 3. dxe4 Qxd1+ 4. Kxd1 Nc6 5. Bb5 Bd7 6. Nc3 a6 7. Ba4 b5 8.
Bb3 e6 9. Bf4 e5 10. Be3 Bb4 11. Nd5 Bd6 12. Nf3 f6 13. c4 Nge7 14. c5 Nxd5 15.
Bxd5 Be7 16. Bxc6 Bxc6 17. Nd2 O-O 18. f3 Bd7 19. Rc1 c6 20. f4 Bg4+ 21. Nf3
Rfd8+ 22. Ke2 Bxf3+ 23. gxf3 Rd7 24. f5 Rad8 25. Rcd1 Rxd1 26. Rxd1 Rxd1 27.
Kxd1 Kf7 28. b4 g6 29. fxg6+ hxg6 30. f4 exf4 31. Bxf4 g5 32. Bg3 Bd8 33. h4
gxh4 34. Bxh4 Ke6 35. Kd2 Ke5 36. Kd3 a5 37. a3 axb4 38. axb4 Bc7 39. Bg3+ 1-0

[Event "1.Cc3"]
[Site "http://www.queenalice.com/game.php?id=450753"]
[Date "2008.8.19"]
[Round "-"]
[White "carpovjunior"]
[Black "fkr"]
[Result "0-1"]
[WhiteElo "1563"]
[BlackElo "1629"]

1. Nc3 e5 2. Nf3 Nc6 3. d4 Qf6 4. d5 Nb4 5. e4 d6 6. a3 Na6 7. Bb5+ Bd7 8. Qe2
Bxb5 9. Qxb5+ c6 10. dxc6 Nc5 11. cxb7+ Nd7 12. bxa8=Q+ Qd8 13. Qxd8+ Kxd8 0-1

[Event "Challenge"]
[Site "http://www.queenalice.com/game.php?id=452841"]
[Date "2008.8.24"]
[Round "-"]
[White "ZUMBI"]
[Black "fkr"]
[Result "0-1"]
[WhiteElo "1687"]
[BlackElo "1761"]

1. e4 e5 2. Nf3 Nc6 3. Nc3 Bc5 4. Bb5 Nge7 5. O-O d6 6. d4 exd4 7. Nxd4 Bd7 8.
Bg5 Nxd4 9. Re1 Nxb5 10. Nd5 f6 11. Bh4 c6 12. Nxe7 Qxe7 13. e5 dxe5 14. Re4 Bd4
15. c3 Bb6 16. a4 Nd6 17. Re2 Bg4 18. Rxe5 Bxd1 19. Rxe7+ Kxe7 20. Rxd1 Rad8 21.
Re1+ Kf7 22. b4 Nf5 23. a5 Bc7 24. g4 Nxh4 25. c4 Nf3+ 26. Kf1 Nxe1 27. Kxe1
Bxh2 28. b5 Rhe8+ 29. Kf1 Rd1+ 30. Kg2 Bc7 31. a6 bxa6 32. bxa6 Ree1 33. c5 Rg1+
34. Kf3 Rd3+ 35. Ke4 Rgd1 36. f4 Rd4+ 37. Ke3 Bxf4+ 38. Kf3 Ra4 39. g5 fxg5 40.
Kg4 Bc1+ 41. Kf5 g6+ 42. Ke5 Bb2# 0-1

[Event "Challenge"]
[Site "http://www.queenalice.com/game.php?id=452842"]
[Date "2008.8.24"]
[Round "-"]
[White "fkr"]
[Black "ZUMBI"]
[Result "1-0"]
[WhiteElo "1724"]
[BlackElo "1695"]

1. e4 e5 2. Bc4 Nf6 3. d3 Bc5 4. Nf3 Ng4 5. Qe2 Bxf2+ 6. Kf1 Bc5 7. h3 Nf6 8.
Nxe5 d5 9. exd5 O-O 10. Bg5 Nbd7 11. Nc3 Bd4 12. Nxd7 Qxd7 13. Bxf6 Bxf6 14. Ne4
Bxb2 15. Rb1 Qf5+ 16. Qf3 Bd4 17. Qxf5 Bxf5 18. Rxb7 c5 19. Ke2 a5 20. g4 Bc8
21. Rc7 Ba6 22. c3 Be5 23. Rxc5 Bxc4 24. Rxc4 f5 25. Ng5 fxg4 26. Rxg4 Bxc3 27.
Ne6 Rfe8 28. Kf3 h5 29. Rg2 h4 30. d4 a4 31. Rxg7+ Kh8 32. Rg4 Rab8 33. Rxh4+
Kg8 34. Rg1+ Kf7 35. Rg7+ Kf6 36. Rh6+ Kf5 37. Rg5# 1-0

[Event "Ch 05"]
[Site "http://www.queenalice.com/game.php?id=454477"]
[Date "2008.8.27"]
[Round "-"]
[White "grazo"]
[Black "fkr"]
[Result "1-0"]
[WhiteElo "1917"]
[BlackElo "1652"]

1. e4 e5 2. Nf3 Nc6 3. d4 Bd6 4. d5 Nf6 5. dxc6 dxc6 6. Bg5 h6 7. Bxf6 Qxf6 8.
Nbd2 Bg4 9. h3 Be6 10. b3 b5 11. Bd3 O-O 12. c4 a6 13. Nh2 Bc5 14. Ndf3 g5 15.
Qc2 h5 16. Qe2 bxc4 17. Bxc4 Bxc4 18. bxc4 Bd4 19. Nxd4 exd4 20. Nf1 d3 21. Qd1
Rab8 22. Nd2 Rb2 23. O-O Qc3 24. Nb3 Qxc4 25. Qxh5 Qxe4 26. Qxg5+ Qg6 27. Qxg6+
fxg6 28. Nc5 Rd8 29. Rfd1 d2 30. f3 a5 31. a4 Rd5 32. Ne4 c5 33. Nf6+ 1-0

[Event "Challenge"]
[Site "http://www.queenalice.com/game.php?id=471882"]
[Date "2008.10.2"]
[Round "-"]
[White "fkr"]
[Black "Larbac"]
[Result "0-1"]
[WhiteElo "1791"]
[BlackElo "1965"]

1. e4 Nf6 2. Nc3 Nc6 3. Bc4 e6 4. d3 Bb4 5. Bd2 O-O 6. a3 Ba5 7. Nge2 Bb6 8. O-O
d5 9. exd5 exd5 10. Bb3 h6 11. Be3 d4 0-1

[Event "Challenge"]
[Site "http://www.queenalice.com/game.php?id=475241"]
[Date "2008.10.9"]
[Round "-"]
[White "RAFAELI"]
[Black "fkr"]
[Result "0-1"]
[WhiteElo "1816"]
[BlackElo "1757"]

1. e4 e5 2. Bc4 Nf6 3. Qf3 Bc5 4. g4 d6 5. h3 h6 6. Qd3 Nc6 7. c3 O-O 8. b4 Bb6
9. Nf3 Be6 10. Bxe6 fxe6 11. Qc4 d5 12. Qb3 Nxe4 13. c4 Bxf2+ 14. Kd1 Bh4 15.
cxd5 Nd4 16. Qe3 Nf2+ 17. Ke1 Nxh1+ 18. Kf1 Rxf3+ 19. Qxf3 Nxf3 20. Kg2 Nd4 21.
Na3 Qxd5+ 22. Kg1 Bf2+ 23. Kf1 Qf3 0-1

[Event "Challenge"]
[Site "http://www.queenalice.com/game.php?id=478151"]
[Date "2008.10.16"]
[Round "-"]
[White "Imbolt1"]
[Black "fkr"]
[Result "0-1"]
[WhiteElo "1659"]
[BlackElo "1790"]

1. e3 e5 2. a3 Bc5 3. c3 d6 4. a4 a5 5. h3 Nf6 6. f3 O-O 7. d4 exd4 8. cxd4 Bb4+
9. Bd2 Bxd2+ 10. Nxd2 c5 11. Rc1 Nc6 12. dxc5 d5 13. g4 Re8 14. Bb5 Rxe3+ 15.
Ne2 Nd4 16. Rh2 Qe7 17. Kf1 Nxf3 18. Nxf3 Rxf3+ 19. Rf2 Rxf2+ 20. Kxf2 Ne4+ 21.
Ke1 Qf6 22. Qxd5 Qe7 23. Rd1 Nf6 24. Qf3 Be6 25. b3 Rd8 26. Rxd8+ Qxd8 27. Bc4
Bxc4 28. bxc4 Qe7 29. g5 Ne4 30. Qe3 f5 31. Ng3 g6 32. h4 Qxc5 33. Qd3 Qg1+ 34.
Ke2 Qg2+ 35. Kd1 Nf2+ 36. Ke2 Nxd3+ 37. Kxd3 Qxg3+ 38. Kd4 Qxh4+ 39. Kd5 Qxg5
40. Kc5 f4+ 41. Kb6 Qe7 42. c5 f3 43. Kxa5 Qxc5# 0-1

[Event "1ª Partida"]
[Site "http://www.queenalice.com/game.php?id=645818"]
[Date "2009.9.2"]
[Round "-"]
[White "MDurgante"]
[Black "fkr"]
[Result "0-1"]
[WhiteElo "1677"]
[BlackElo "1815"]

1. e3 e5 2. Nf3 e4 3. Ng5 Qxg5 4. Nc3 Nf6 5. f4 Qg4 6. d3 Qxd1+ 7. Nxd1 d5 8.
Nf2 c6 9. c4 Bb4+ 10. Bd2 Bxd2+ 11. Kxd2 O-O 12. g3 dxc4 13. dxc4 Rd8+ 14. Kc3
b5 15. c5 Nd5+ 16. Kd4 Nxf4+ 17. Kxe4 Nd5 18. Bg2 Re8+ 19. Kd4 Nb4 20. Kc3 a5
21. a3 Nd5+ 22. Kd4 Nxe3 23. Rhe1 Nc2+ 24. Kd3 Nxe1+ 25. Rxe1 Rxe1 26. Kd2 Re5
27. Nd3 Re7 28. b4 a4 29. Nf4 Be6 30. Be4 Bd5 31. Bxd5 cxd5 32. Kc2 Nc6 33. Nxd5
Re2+ 34. Kd3 Rxh2 35. Nc7 Rd8+ 36. Kc3 Rhd2 37. Nd5 R8xd5 38. g4 R5d3# 0-1

[Event "1º TORNEIO"]
[Site "http://www.queenalice.com/game.php?id=658172"]
[Date "2009.9.26"]
[Round "-"]
[White "fkr"]
[Black "gremista1971"]
[Result "1-0"]
[WhiteElo "1747"]
[BlackElo "1784"]

1. e4 e5 2. Nf3 Nc6 3. Bc4 h6 4. O-O Bc5 5. d3 Nf6 6. h3 d6 7. Be3 O-O 8. Bxc5
dxc5 9. Nc3 a6 10. Nd5 Qd6 11. Nxf6+ Qxf6 12. c3 Rd8 13. Bd5 Ne7 14. Qb3 Rf8 15.
Bxb7 Bxb7 16. Qxb7 Rab8 17. Qxc7 Rfc8 18. Qxe5 Rxb2 19. Qxf6 gxf6 20. Nh4 Rd2
21. Nf5 Nxf5 22. exf5 Rxd3 23. c4 Kh7 24. Kh2 Rcd8 25. g4 Rc3 26. Rac1 Ra3 27.
Ra1 Rdd3 28. f3 Rd2+ 29. Kg3 Raxa2 30. Rxa2 Rxa2 31. Re1 a5 32. Re7 Kg7 33. Rc7
a4 34. Rxc5 Rc2 35. Rc7 a3 36. Ra7 Rxc4 37. Rxa3 h5 38. gxh5 Kh6 39. Ra6 Kg5 40.
Ra7 Kxh5 41. Rxf7 Kg5 42. Rg7+ Kxf5 43. Rg4 Rc1 44. Rf4+ Ke6 45. Re4+ Kf7 46.
Kg4 Kg6 47. Re6 Rg1+ 48. Kf4 Kf7 49. Rd6 Rh1 50. Kg3 f5 51. Rh6 Kg7 52. Rh5 Kg6
53. Rh4 Rg1+ 54. Kf2 Kg5 55. Rc4 Ra1 56. Kg3 Kh5 57. Rh4+ Kg5 58. f4+ Kg6 59.
Rh8 Kg7 60. Rc8 Ra3+ 61. Kh4 Rf3 62. Rc7+ Kf6 63. Rc6+ Ke7 64. Kg5 Rxh3 65. Kxf5
Kd7 66. Ra6 Rc3 67. Kg4 Rc6 68. Rxc6 Kxc6 69. Kf5 Kd7 70. Kf6 Ke8 71. f5 Kf8 72.
Kg6 Kg8 73. f6 Kh8 74. Kf7 Kh7 75. Ke7 Kg6 76. f7 Kg5 77. f8=Q Kg4 78. Ke6 Kg3
79. Ke5 Kg2 80. Ke4 Kg1 81. Ke3 Kg2 82. Ke2 Kg3 83. Qf3+ Kh2 84. Qg4 Kh1 85. Kf2
Kh2 86. Qh4# 1-0

[Event "1º TORNEIO"]
[Site "http://www.queenalice.com/game.php?id=658175"]
[Date "2009.9.26"]
[Round "-"]
[White "fkr"]
[Black "Larbac"]
[Result "0-1"]
[WhiteElo "1830"]
[BlackElo "1999"]

1. e4 c5 2. Nf3 e6 3. Bc4 Nc6 4. d3 Qc7 5. O-O Nf6 6. Nc3 a6 7. d4 Nxd4 8. Nxd4
cxd4 9. Qxd4 Bc5 10. Qd3 b5 11. Bb3 Bb7 12. Be3 Ng4 13. Bxc5 Qxh2# 0-1

[Event "1º TORNEIO"]
[Site "http://www.queenalice.com/game.php?id=658185"]
[Date "2009.9.26"]
[Round "-"]
[White "Larbac"]
[Black "fkr"]
[Result "1-0"]
[WhiteElo "2008"]
[BlackElo "1817"]

1. e4 e5 2. Nf3 Nc6 3. Bb5 Bc5 4. Nc3 Nf6 5. O-O O-O 6. Ba4 d6 7. h3 Bd7 8. d3
Nd4 9. Bg5 a6 10. Bxd7 Qxd7 11. Bxf6 gxf6 12. b4 Bxb4 13. Nd5 Qa4 14. Nxf6+ Kh8
15. Nxd4 Kg7 16. Nh5+ Kh8 17. Nf6 Kg7 18. Nh5+ Kh8 19. Qf3 exd4 20. Qf6+ 1-0

[Event "1º TORNEIO"]
[Site "http://www.queenalice.com/game.php?id=658190"]
[Date "2009.9.26"]
[Round "-"]
[White "gremista1971"]
[Black "fkr"]
[Result "1-0"]
[WhiteElo "1773"]
[BlackElo "1806"]

1. e4 e5 2. Nf3 Nc6 3. Bc4 Bc5 4. a3 d6 5. h3 Be6 6. Bb5 Nf6 7. Nc3 O-O 8. b4
Bd4 9. Nxd4 exd4 10. Nd5 Nxe4 11. Bc4 a6 12. Bb2 b5 13. Bb3 Nf6 14. Nxf6+ Qxf6
15. Qf3 Qxf3 16. gxf3 Bxb3 17. cxb3 Rfe8+ 18. Kd1 Re6 19. Rc1 Rae8 20. Rxc6 Re2
21. Bxd4 h6 22. Rxc7 R2e6 23. Rg1 d5 24. Rxg7+ Kh8 25. Rgxf7+ Kg8 26. Rg7+ Kh8
27. Rg6+ Re5 28. f4 Rg8 29. Bxe5+ Rg7 30. f5 Kg8 31. Bxg7 h5 32. Rxa6 Kh7 33.
Bh8+ Kxh8 34. Ra8# 1-0

[Event "Challenge"]
[Site "http://www.queenalice.com/game.php?id=663906"]
[Date "2009.10.7"]
[Round "-"]
[White "Nefelibatas"]
[Black "fkr"]
[Result "0-1"]
[WhiteElo "1498"]
[BlackElo "1764"]

1. e4 e5 2. Nf3 Nc6 3. d4 d6 4. d5 Nce7 5. Be3 Nf6 6. Bd3 g6 7. b4 Bg7 8. a4 O-O
9. b5 Bg4 10. c4 c5 11. a5 b6 12. axb6 axb6 13. Nc3 Rxa1 14. Qxa1 Bxf3 15. gxf3
Qa8 16. O-O Qxa1 17. Rxa1 Nh5 18. Bg5 f6 19. Bd2 Nf4 20. Bxf4 exf4 21. Ra6 Rb8
22. Na4 Nc8 23. h3 h5 24. Kh2 Kh7 25. h4 Kh6 26. Bf1 f5 27. Bh3 Bf6 28. exf5 g5
29. hxg5+ Kxg5 30. Nc3 Bxc3 31. Ra2 Ne7 32. Rc2 Be5 33. Kg2 Nxf5 34. Ra2 Nh4+
35. Kh2 Nxf3+ 36. Kg2 Nh4+ 37. Kh2 f3+ 38. Kg1 Kf4 39. Ra7 Rg8+ 40. Kf1 Nf5 41.
Rb7 Ke4 42. Rxb6 Bh2 43. Ke1 Rg1+ 44. Bf1 Kd4 45. Rb8 Kc3 46. b6 Nd4 47. Rc8
Nc2+ 48. Kd1 Rxf1# 0-1

[Event "Challenge"]
[Site "http://www.queenalice.com/game.php?id=667271"]
[Date "2009.10.14"]
[Round "-"]
[White "piemme"]
[Black "fkr"]
[Result "0-1"]
[WhiteElo "1753"]
[BlackElo "1771"]

1. d4 d5 2. Nc3 Nf6 3. e3 Bf5 4. Bd3 Bxd3 5. Qxd3 e6 6. Nf3 Bb4 7. O-O O-O 8.
Bd2 Bxc3 9. Bxc3 Ne4 10. Bb4 Re8 11. a3 Nd7 12. Qb5 b6 13. Qe2 c5 14. dxc5 bxc5
15. Bd2 c4 16. c3 Ndc5 17. Nd4 e5 18. Nc6 Qb6 19. Nb4 a5 20. Nxd5 Qxb2 21. Nc7
Qxd2 22. Qxc4 Qxc3 23. Qxc3 Nxc3 24. Nxa8 Rxa8 25. Rfc1 Ne2+ 26. Kf1 Nxc1 27.
Rxc1 Nd3 28. Rc3 e4 29. Rc4 f5 30. g3 g6 31. h4 Kg7 32. Rc7+ Kh6 33. a4 Rb8 34.
Ra7 Rb1+ 35. Kg2 Ne1+ 36. Kf1 Nf3+ 37. Ke2 Rb2+ 38. Kf1 Nd2+ 39. Ke2 Nc4+ 40.
Kf1 Rb4 41. Rc7 Rxa4 42. Rc6 Nd2+ 43. Ke2 Ra2 44. Ke1 Nf3+ 45. Kd1 Rxf2 46. Ra6
Rg2 47. Rxa5 Rxg3 48. Ke2 Rh3 49. Ra6 Rxh4 50. Re6 Kg5 51. Kf2 Kg4 52. Ke2 g5
53. Kf2 h5 54. Rg6 Rh2+ 55. Kf1 Nd2+ 56. Ke1 Nf3+ 57. Kd1 h4 58. Ra6 h3 59. Ra1
Rh1+ 0-1

[Event "Challenge"]
[Site "http://www.queenalice.com/game.php?id=675310"]
[Date "2009.10.31"]
[Round "-"]
[White "Legiao"]
[Black "fkr"]
[Result "0-1"]
[WhiteElo "1137"]
[BlackElo "1769"]

1. e4 e5 2. Qf3 Nf6 3. g4 d5 4. exd5 Qxd5 5. g5 Qxf3 6. Nxf3 Ne4 7. Nxe5 Bc5 8.
f3 Nf2 9. Rg1 Nd3+ 10. cxd3 Bxg1 11. Nc3 O-O 12. d4 Bxd4 13. Ng4 Bxg4 14. fxg4
Re8+ 15. Kd1 Bxc3 16. bxc3 Nc6 17. Bc4 Ne5 18. Bb5 c6 19. Ba4 b5 20. Bb3 Nd3 21.
Ba3 Nf2+ 22. Kc2 Nxg4 23. Rh1 a5 0-1

[Event "Challenge"]
[Site "http://www.queenalice.com/game.php?id=703720"]
[Date "2009.12.26"]
[Round "-"]
[White "fkr"]
[Black "thedead"]
[Result "1-0"]
[WhiteElo "1786"]
[BlackElo "1651"]

1. e4 e5 2. Nf3 Nc6 3. Bc4 Be7 4. d3 Nf6 5. O-O d6 6. Nc3 O-O 7. Nd5 Bg4 8.
Nxe7+ Qxe7 9. Bg5 Nd4 10. c3 Nxf3+ 11. gxf3 Be6 12. Qb3 Bxc4 13. Qxc4 c6 14. Kh1
Rad8 15. Rg1 Rfe8 16. Bh6 g6 17. f4 exf4 18. Bxf4 d5 19. exd5 cxd5 20. Qd4 Nd7
21. Bh6 Ne5 22. f4 1-0